| 000 | 00461nam a22001937a 4500 | ||
|---|---|---|---|
| 003 | MPLRDC | ||
| 005 | 20220104113918.0 | ||
| 008 | 210129b ||||| |||| 00| 0 eng d | ||
| 020 | _a957-560-153-X | ||
| 082 | _a848.2 LQX v.16 | ||
| 100 | _a林清玄著 | ||
| 245 |
_a随喜菩提 _c |
||
| 250 | _a初版七印 | ||
| 260 |
_a _b九歌出版社 _c1991 |
||
| 300 | _b平 | ||
| 490 | _a九歌文库;313 | ||
| 650 | _a现代别集 | ||
| 942 |
_cBK _o848.2 LQX v.16 |
||
| 999 |
_c3326 _d3316 |
||